[Event "Team Championship of Russia (rapid)"]
[Site "Sochi"]
[Date "2015.05.09"]
[Round "8.27"]
[White "Khoroshilov, Nikita"]
[Black "Alexeev, Alexey"]
[Result "1-0"]
[LiveChessVersion "1.4.4"]
[BlackElo "2416"]
[WhiteElo "2283"]
[BlackTeam "Crimea"]
[WhiteTeam "SHK Rakita"]

1. Nf3 {[%clk 0:15:12]} Nf6 {[%clk 0:15:17]} 2. g3 {[%clk 0:15:02]} g6
{[%clk 0:15:22]} 3. Bg2 {[%clk 0:15:12]} Bg7 {[%clk 0:15:21]} 4. O-O
{[%clk 0:15:19]} O-O {[%clk 0:15:26]} 5. d3 {[%clk 0:15:16]} d6 {[%clk 0:15:08]}
6. e4 {[%clk 0:15:23]} e5 {[%clk 0:15:16]} 7. c3 {[%clk 0:15:18]} Re8
{[%clk 0:14:56]} 8. Re1 {[%clk 0:15:18]} Nbd7 {[%clk 0:15:00]} 9. h4
{[%clk 0:15:10]} a5 {[%clk 0:14:53]} 10. Qc2 {[%clk 0:14:06]} a4 {[%clk 0:14:54]}
11. Nbd2 {[%clk 0:14:09]} b5 {[%clk 0:14:24]} 12. d4 {[%clk 0:13:38]} Bb7
{[%clk 0:13:55]} 13. d5 {[%clk 0:12:53]} c6 {[%clk 0:13:57]} 14. dxc6
{[%clk 0:12:22]} Bxc6 {[%clk 0:14:06]} 15. Nf1 {[%clk 0:09:12]} Nc5
{[%clk 0:13:54]} 16. N3h2 {[%clk 0:06:30]} Qc7 {[%clk 0:12:14]} 17. Bg5
{[%clk 0:06:29]} Qb7 {[%clk 0:12:16]} 18. Bxf6 {[%clk 0:06:25]} Bxf6
{[%clk 0:12:24]} 19. Rad1 {[%clk 0:05:33]} Rad8 {[%clk 0:12:24]} 20. Ne3
{[%clk 0:05:39]} Nxe4 {[%clk 0:10:45]} 21. Neg4 {[%clk 0:04:20]} h5
{[%clk 0:08:59]} 22. Qxe4 {[%clk 0:03:33]} Bxe4 {[%clk 0:06:31]} 23. Nxf6+
{[%clk 0:03:41]} Kf8 {[%clk 0:06:17]} 24. Bxe4 {[%clk 0:03:43]} Qb6
{[%clk 0:05:43]} 25. Nxe8 {[%clk 0:03:40]} Rxe8 {[%clk 0:05:46]} 26. Nf3
{[%clk 0:03:21]} f5 {[%clk 0:05:45]} 27. Bd5 {[%clk 0:03:25]} Kg7
{[%clk 0:05:03]} 28. Kg2 {[%clk 0:03:16]} Kf6 {[%clk 0:04:49]} 29. Ng5
{[%clk 0:02:47]} e4 {[%clk 0:04:10]} 30. Rd4 {[%clk 0:02:06]} Qc5
{[%clk 0:04:00]} 31. f3 {[%clk 0:00:31]} a3 {[%clk 0:03:25]} 32. bxa3
{[%clk 0:00:12]} Qxc3 {[%clk 0:03:34]} 33. Red1 {[%clk 0:00:12]} e3
{[%clk 0:03:34]} 34. Bb3 {[%clk 0:00:16]} Qb2+ {[%clk 0:03:05]} 35. Kh3
{[%clk 0:00:24]} Qxd4 {[%clk 0:02:22]} 36. Rxd4 {[%clk 0:00:33]} e2
{[%clk 0:02:31]} 37. Rxd6+ {[%clk 0:00:38]} Kg7 {[%clk 0:02:00]} 38. Rd7+
{[%clk 0:00:42]} Kf6 {[%clk 0:01:58]} 39. Rf7+ {[%clk 0:00:26]} Ke5
{[%clk 0:02:00]} 40. f4+ {[%clk 0:00:35]} Kd4 {[%clk 0:01:57]} 41. Nf3+
{[%clk 0:00:43]} Ke3 {[%clk 0:01:23]} 42. Kg2 {[%clk 0:00:52]} Kd3
{[%clk 0:01:11]} 43. Rd7+ {[%clk 0:00:49]} Kc3 {[%clk 0:01:19]} 44. Kf2
{[%clk 0:00:56]} 1-0

[Event "Team Championship of Russia (rapid)"]
[Site "Sochi"]
[Date "2015.05.09"]
[Round "8.28"]
[White "Vasilevich, Tatjana"]
[Black "Konaplev, Anton"]
[Result "1-0"]
[LiveChessVersion "1.4.4"]
[BlackElo "2033"]
[WhiteElo "2268"]
[BlackTeam "SHK Rakita"]
[WhiteTeam "Crimea"]

1. d4 {[%clk 0:15:18]} d5 {[%clk 0:15:17]} 2. c4 {[%clk 0:15:26]} e6
{[%clk 0:15:25]} 3. Nf3 {[%clk 0:15:18]} c6 {[%clk 0:15:17]} 4. Nbd2
{[%clk 0:14:58]} Nf6 {[%clk 0:14:55]} 5. e3 {[%clk 0:15:05]} Nbd7
{[%clk 0:14:46]} 6. Bd3 {[%clk 0:15:13]} Bd6 {[%clk 0:14:43]} 7. O-O
{[%clk 0:15:19]} O-O {[%clk 0:14:38]} 8. e4 {[%clk 0:15:28]} dxe4
{[%clk 0:14:31]} 9. Nxe4 {[%clk 0:15:37]} Nxe4 {[%clk 0:14:33]} 10. Bxe4
{[%clk 0:15:46]} Nf6 {[%clk 0:14:00]} 11. Bc2 {[%clk 0:15:54]} c5
{[%clk 0:13:20]} 12. Bg5 {[%clk 0:14:08]} cxd4 {[%clk 0:12:12]} 13. Qd3
{[%clk 0:13:22]} g6 {[%clk 0:11:41]} 14. Qxd4 {[%clk 0:13:09]} Be7
{[%clk 0:11:32]} 15. Qh4 {[%clk 0:13:05]} Re8 {[%clk 0:10:26]} 16. Rad1
{[%clk 0:12:46]} Nd7 {[%clk 0:10:29]} 17. Ba4 {[%clk 0:09:28]} f6
{[%clk 0:09:17]} 18. Bh6 {[%clk 0:07:45]} Bf8 {[%clk 0:05:54]} 19. Rd2
{[%clk 0:03:23]} Bxh6 {[%clk 0:04:38]} 20. Qxh6 {[%clk 0:03:31]} Re7
{[%clk 0:03:53]} 21. Rfd1 {[%clk 0:03:22]} Qc7 {[%clk 0:03:28]} 22. h4
{[%clk 0:02:21]} Rf7 {[%clk 0:02:46]} 23. h5 {[%clk 0:02:05]} g5 {[%clk 0:02:44]}
24. Rd6 {[%clk 0:01:13]} Nf8 {[%clk 0:01:11]} 25. Rd8 {[%clk 0:01:00]} b5
{[%clk 0:00:40]} 26. Bxb5 {[%clk 0:00:53]} Bb7 {[%clk 0:00:48]} 27. Rxa8
{[%clk 0:00:24]} Bxa8 {[%clk 0:00:57]} 28. Be8 {[%clk 0:00:17]} Re7
{[%clk 0:00:42]} 29. Bb5 {[%clk 0:00:19]} Rf7 {[%clk 0:00:34]} 30. Nd4
{[%clk 0:00:20]} Qe7 {[%clk 0:00:15]} 31. Re1 {[%clk 0:00:19]} Bb7
{[%clk 0:00:13]} 32. a3 {[%clk 0:00:22]} a6 {[%clk 0:00:20]} 33. Ba4
{[%clk 0:00:29]} Qd6 {[%clk 0:00:28]} 34. Rd1 {[%clk 0:00:25]} Qc5
{[%clk 0:00:16]} 35. b4 {[%clk 0:00:26]} Qxc4 {[%clk 0:00:17]} 36. Bb3
{[%clk 0:00:34]} Qc8 {[%clk 0:00:20]} 37. Nxe6 {[%clk 0:00:37]} 1-0

[Event "Team Championship of Russia (rapid)"]
[Site "Sochi"]
[Date "2015.05.09"]
[Round "8.29"]
[White "Potapov, Pavel"]
[Black "Demidov, Mikhail"]
[Result "0-1"]
[LiveChessVersion "1.4.4"]
[BlackElo "2493"]
[WhiteElo "2500"]
[BlackTeam "Boavishta"]
[WhiteTeam "Yamal"]

1. e4 {[%clk 0:15:18]} e6 {[%clk 0:15:08]} 2. d4 {[%clk 0:15:22]} d5
{[%clk 0:15:17]} 3. e5 {[%clk 0:15:28]} c5 {[%clk 0:15:25]} 4. c3
{[%clk 0:15:36]} Ne7 {[%clk 0:15:16]} 5. Nf3 {[%clk 0:15:34]} Nec6
{[%clk 0:15:25]} 6. a3 {[%clk 0:14:57]} a5 {[%clk 0:15:33]} 7. Be2
{[%clk 0:14:39]} b6 {[%clk 0:15:41]} 8. O-O {[%clk 0:14:19]} Be7 {[%clk 0:15:49]}
9. Be3 {[%clk 0:14:14]} Ba6 {[%clk 0:15:58]} 10. Bxa6 {[%clk 0:14:10]} Nxa6
{[%clk 0:16:07]} 11. Nbd2 {[%clk 0:14:12]} O-O {[%clk 0:16:14]} 12. Ne1
{[%clk 0:12:51]} Nc7 {[%clk 0:16:11]} 13. f4 {[%clk 0:12:40]} Qd7
{[%clk 0:16:05]} 14. Qg4 {[%clk 0:11:53]} cxd4 {[%clk 0:15:57]} 15. Bxd4
{[%clk 0:11:11]} Nxd4 {[%clk 0:15:52]} 16. cxd4 {[%clk 0:11:19]} f5
{[%clk 0:16:00]} 17. exf6 {[%clk 0:10:14]} Bxf6 {[%clk 0:16:07]} 18. Nef3
{[%clk 0:10:20]} Nb5 {[%clk 0:16:13]} 19. Ne5 {[%clk 0:09:57]} Qe7
{[%clk 0:15:47]} 20. Ndf3 {[%clk 0:09:45]} Rac8 {[%clk 0:15:27]} 21. Rac1
{[%clk 0:09:17]} Nd6 {[%clk 0:15:35]} 22. Rfe1 {[%clk 0:08:03]} Nf5
{[%clk 0:15:24]} 23. Qh3 {[%clk 0:07:18]} Bxe5 {[%clk 0:12:21]} 24. fxe5
{[%clk 0:06:12]} Qd7 {[%clk 0:12:06]} 25. g4 {[%clk 0:04:31]} Ne7
{[%clk 0:11:42]} 26. Qf1 {[%clk 0:03:14]} Rf4 {[%clk 0:11:11]} 27. Qg2
{[%clk 0:02:53]} Rcf8 {[%clk 0:11:10]} 28. Rc3 {[%clk 0:02:50]} Ng6
{[%clk 0:11:11]} 29. Rec1 {[%clk 0:02:30]} Qd8 {[%clk 0:10:58]} 30. Qg3
{[%clk 0:02:25]} Re4 {[%clk 0:10:47]} 31. Re1 {[%clk 0:01:34]} Nf4
{[%clk 0:10:21]} 32. Rce3 {[%clk 0:01:38]} Qc8 {[%clk 0:09:54]} 33. Rxe4
{[%clk 0:01:24]} dxe4 {[%clk 0:10:02]} 34. Rxe4 {[%clk 0:01:32]} Qc1+
{[%clk 0:10:06]} 35. Ne1 {[%clk 0:01:21]} Nd5 {[%clk 0:09:10]} 36. Re2
{[%clk 0:01:27]} Rf4 {[%clk 0:08:30]} 37. h3 {[%clk 0:00:59]} Rxd4
{[%clk 0:07:43]} 38. Rc2 {[%clk 0:00:58]} Qb1 {[%clk 0:07:40]} 39. Qh4
{[%clk 0:00:38]} h6 {[%clk 0:07:20]} 40. Qf2 {[%clk 0:00:47]} Re4
{[%clk 0:06:23]} 41. Re2 {[%clk 0:00:40]} Nf4 {[%clk 0:06:23]} 42. Re3
{[%clk 0:00:40]} Qc1 {[%clk 0:05:36]} 0-1

[Event "Team Championship of Russia (rapid)"]
[Site "Sochi"]
[Date "2015.05.09"]
[Round "8.30"]
[White "Vastrukhin, Oleg"]
[Black "Belyakov, Bogdan"]
[Result "1/2-1/2"]
[LiveChessVersion "1.4.4"]
[BlackElo "2486"]
[WhiteElo "2444"]
[WhiteTeam "Boavishta"]

1. e4 {[%clk 0:15:18]} e5 {[%clk 0:15:17]} 2. Nf3 {[%clk 0:15:27]} Nc6
{[%clk 0:15:25]} 3. Bc4 {[%clk 0:15:36]} Nf6 {[%clk 0:15:26]} 4. d3
{[%clk 0:15:44]} Bc5 {[%clk 0:15:29]} 5. c3 {[%clk 0:15:53]} O-O {[%clk 0:15:31]}
6. Nbd2 {[%clk 0:16:00]} a6 {[%clk 0:15:03]} 7. Bb3 {[%clk 0:16:06]} d6
{[%clk 0:14:30]} 8. h3 {[%clk 0:16:15]} Ba7 {[%clk 0:13:39]} 9. Nf1
{[%clk 0:15:09]} Ne7 {[%clk 0:11:34]} 10. g4 {[%clk 0:14:56]} Ng6
{[%clk 0:11:10]} 11. Ng3 {[%clk 0:15:04]} c6 {[%clk 0:10:29]} 12. Qe2
{[%clk 0:15:03]} d5 {[%clk 0:10:28]} 13. Nf5 {[%clk 0:14:51]} dxe4
{[%clk 0:10:09]} 14. dxe4 {[%clk 0:14:59]} Be6 {[%clk 0:10:17]} 15. Bd2
{[%clk 0:14:44]} Qa5 {[%clk 0:07:09]} 16. O-O {[%clk 0:13:54]} Bxb3
{[%clk 0:06:31]} 17. axb3 {[%clk 0:14:03]} Qb5 {[%clk 0:06:39]} 18. Qxb5
{[%clk 0:12:44]} axb5 {[%clk 0:06:45]} 19. Rfe1 {[%clk 0:12:50]} Bb6
{[%clk 0:06:32]} 20. Rxa8 {[%clk 0:12:16]} Rxa8 {[%clk 0:06:40]} 21. Bg5
{[%clk 0:12:25]} Ra2 {[%clk 0:06:10]} 22. Re2 {[%clk 0:12:13]} Ra1+
{[%clk 0:05:33]} 23. Kh2 {[%clk 0:11:58]} Rf1 {[%clk 0:03:27]} 24. Kg2
{[%clk 0:11:10]} Rb1 {[%clk 0:03:34]} 25. N3h4 {[%clk 0:11:08]} h6
{[%clk 0:02:56]} 26. Nxg6 {[%clk 0:11:12]} fxg6 {[%clk 0:03:04]} 27. Nxh6+
{[%clk 0:10:11]} gxh6 {[%clk 0:02:15]} 28. Bxf6 {[%clk 0:10:19]} Bc7
{[%clk 0:02:24]} 29. Rd2 {[%clk 0:08:28]} Kf7 {[%clk 0:02:32]} 30. Bh4
{[%clk 0:08:29]} Ke6 {[%clk 0:02:40]} 31. b4 {[%clk 0:08:32]} Bd6
{[%clk 0:02:32]} 32. Bd8 {[%clk 0:07:56]} h5 {[%clk 0:02:27]} 33. gxh5
{[%clk 0:07:39]} gxh5 {[%clk 0:02:36]} 34. Bb6 {[%clk 0:07:41]} Re1
{[%clk 0:02:32]} 35. f3 {[%clk 0:07:47]} Rb1 {[%clk 0:02:00]} 36. Kg3
{[%clk 0:07:48]} Be7 {[%clk 0:02:07]} 37. Bc5 {[%clk 0:07:53]} Bg5
{[%clk 0:00:53]} 38. Rd6+ {[%clk 0:07:49]} Kf7 {[%clk 0:01:02]} 39. Rd7+
{[%clk 0:07:57]} Kg6 {[%clk 0:01:11]} 40. Rd6+ {[%clk 0:07:10]} Kf7
{[%clk 0:01:18]} 41. f4 {[%clk 0:05:58]} Bxf4+ {[%clk 0:00:52]} 42. Kh4
{[%clk 0:05:53]} Rxb2 {[%clk 0:00:21]} 43. Kxh5 {[%clk 0:06:01]} Rg2
{[%clk 0:00:30]} 44. Rd7+ {[%clk 0:05:24]} Kf6 {[%clk 0:00:37]} 45. h4
{[%clk 0:05:07]} Rg7 {[%clk 0:00:31]} 46. Rd6+ {[%clk 0:03:48]} Kf7
{[%clk 0:00:39]} 47. Rd8 {[%clk 0:03:30]} Ke6 {[%clk 0:00:24]} 48. Rd6+
{[%clk 0:01:45]} Kf7 {[%clk 0:00:31]} 49. Bb6 {[%clk 0:01:14]} Ke7
{[%clk 0:00:33]} 50. Rg6 {[%clk 0:01:17]} Kf7 {[%clk 0:00:40]} 51. Rd6
{[%clk 0:01:11]} Ke7 {[%clk 0:00:49]} 1/2-1/2

[Event "Team Championship of Russia (rapid)"]
[Site "Sochi"]
[Date "2015.05.09"]
[Round "8.31"]
[White "Goryachkina, Aleksandra"]
[Black "Pasiev, Rakhim"]
[Result "0-1"]
[LiveChessVersion "1.4.4"]
[BlackElo "2406"]
[WhiteElo "2428"]
[BlackTeam "Boavishta"]
[WhiteTeam "Yamal"]

1. d4 {[%clk 0:15:18]} d5 {[%clk 0:15:20]} 2. c4 {[%clk 0:15:27]} Nc6
{[%clk 0:15:29]} 3. Nc3 {[%clk 0:15:26]} dxc4 {[%clk 0:15:37]} 4. d5
{[%clk 0:15:34]} Ne5 {[%clk 0:15:46]} 5. Qd4 {[%clk 0:15:43]} Ng6
{[%clk 0:15:55]} 6. Qxc4 {[%clk 0:15:47]} a6 {[%clk 0:15:59]} 7. Qb3
{[%clk 0:15:56]} Nf6 {[%clk 0:15:16]} 8. Nf3 {[%clk 0:16:04]} b5 {[%clk 0:11:45]}
9. h4 {[%clk 0:15:22]} e6 {[%clk 0:11:17]} 10. Bg5 {[%clk 0:14:33]} h6
{[%clk 0:10:12]} 11. Bxf6 {[%clk 0:13:43]} Qxf6 {[%clk 0:10:20]} 12. h5
{[%clk 0:12:55]} Ne5 {[%clk 0:10:06]} 13. O-O-O {[%clk 0:10:32]} Bd6
{[%clk 0:09:41]} 14. e3 {[%clk 0:09:31]} Nxf3 {[%clk 0:09:25]} 15. Ne4
{[%clk 0:09:11]} Qe7 {[%clk 0:09:26]} 16. Nxd6+ {[%clk 0:08:58]} cxd6
{[%clk 0:09:32]} 17. gxf3 {[%clk 0:09:06]} O-O {[%clk 0:09:29]} 18. Rg1
{[%clk 0:08:52]} e5 {[%clk 0:08:47]} 19. Bd3 {[%clk 0:08:58]} Qh4
{[%clk 0:08:50]} 20. Bc2 {[%clk 0:08:06]} Qxh5 {[%clk 0:07:50]} 21. Qd3
{[%clk 0:08:13]} f5 {[%clk 0:08:00]} 22. f4 {[%clk 0:07:53]} Bd7 {[%clk 0:07:11]}
23. fxe5 {[%clk 0:07:25]} dxe5 {[%clk 0:07:20]} 24. f4 {[%clk 0:06:56]} exf4
{[%clk 0:06:23]} 25. exf4 {[%clk 0:06:58]} Qf7 {[%clk 0:05:45]} 26. Bb3
{[%clk 0:06:55]} Kh8 {[%clk 0:05:36]} 27. Rg3 {[%clk 0:06:51]} a5
{[%clk 0:03:59]} 28. Rdg1 {[%clk 0:06:08]} a4 {[%clk 0:03:59]} 29. Bd1
{[%clk 0:05:51]} Rg8 {[%clk 0:03:33]} 30. Qd4 {[%clk 0:05:51]} Rac8+
{[%clk 0:03:37]} 31. Kb1 {[%clk 0:05:35]} Rc4 {[%clk 0:03:45]} 32. Qd2
{[%clk 0:05:28]} Qf6 {[%clk 0:03:45]} 33. Bh5 {[%clk 0:04:43]} Rd4
{[%clk 0:03:11]} 34. Qg2 {[%clk 0:04:11]} Rxf4 {[%clk 0:02:37]} 35. Rg6
{[%clk 0:04:10]} Rg4 {[%clk 0:02:28]} 36. Rxf6 {[%clk 0:03:40]} Rxg2
{[%clk 0:02:36]} 37. Rxg2 {[%clk 0:03:49]} gxf6 {[%clk 0:02:45]} 38. Re2
{[%clk 0:03:43]} f4 {[%clk 0:02:48]} 39. Re7 {[%clk 0:03:17]} Rg5
{[%clk 0:02:16]} 40. Bf3 {[%clk 0:02:44]} Rg3 {[%clk 0:02:23]} 41. Bh5
{[%clk 0:02:29]} Rg5 {[%clk 0:01:15]} 42. Bf3 {[%clk 0:02:37]} Rg3
{[%clk 0:00:30]} 43. Bh5 {[%clk 0:02:45]} Rg5 {[%clk 0:00:21]} 44. Bf3
{[%clk 0:02:53]} Rg3 {[%clk 0:00:26]} 45. Bh5 {[%clk 0:03:02]} Bf5+
{[%clk 0:00:36]} 46. Kc1 {[%clk 0:03:08]} f3 {[%clk 0:00:44]} 47. Re8+
{[%clk 0:03:12]} Rg8 {[%clk 0:00:52]} 48. Rxg8+ {[%clk 0:02:11]} Kxg8
{[%clk 0:01:01]} 49. Bxf3 {[%clk 0:02:20]} Kf8 {[%clk 0:01:09]} 50. Kd2
{[%clk 0:02:14]} Ke7 {[%clk 0:01:16]} 51. Ke3 {[%clk 0:01:55]} Kd6
{[%clk 0:01:24]} 52. Kd4 {[%clk 0:02:02]} Bb1 {[%clk 0:01:15]} 53. Be2
{[%clk 0:01:30]} b4 {[%clk 0:01:23]} 54. a3 {[%clk 0:01:28]} bxa3
{[%clk 0:01:31]} 55. bxa3 {[%clk 0:01:38]} Ba2 {[%clk 0:01:40]} 56. Bb5
{[%clk 0:01:31]} Bb3 {[%clk 0:01:30]} 57. Be8 {[%clk 0:01:29]} f5
{[%clk 0:01:25]} 58. Bf7 {[%clk 0:01:12]} Bd1 {[%clk 0:01:24]} 59. Be6
{[%clk 0:01:17]} f4 {[%clk 0:01:09]} 60. Ke4 {[%clk 0:01:16]} f3 {[%clk 0:01:18]}
61. Ke3 {[%clk 0:01:26]} Bb3 {[%clk 0:01:26]} 62. Kd4 {[%clk 0:00:57]} h5
{[%clk 0:01:19]} 63. Ke4 {[%clk 0:00:42]} Kc5 {[%clk 0:00:53]} 64. Ke5
{[%clk 0:00:21]} f2 {[%clk 0:01:00]} 0-1

[Event "Team Championship of Russia (rapid)"]
[Site "Sochi"]
[Date "2015.05.09"]
[Round "8.32"]
[White "Denishev, Marat"]
[Black "Savitskiy, Sergey"]
[Result "0-1"]
[LiveChessVersion "1.4.4"]
[BlackElo "2438"]
[WhiteElo "2261"]
[BlackTeam "Yamal"]

1. d4 {[%clk 0:15:15]} Nf6 {[%clk 0:15:19]} 2. Nf3 {[%clk 0:15:21]} g6
{[%clk 0:15:27]} 3. Bf4 {[%clk 0:15:28]} Bg7 4. e3 O-O 5. h3 d6 {[%clk 0:15:35]}
6. Be2 {[%clk 0:15:54]} Nbd7 {[%clk 0:15:44]} 7. Nbd2 {[%clk 0:16:01]} Re8
{[%clk 0:15:13]} 8. O-O {[%clk 0:16:07]} e5 {[%clk 0:14:40]} 9. dxe5
{[%clk 0:16:12]} Nxe5 {[%clk 0:14:30]} 10. c3 {[%clk 0:16:05]} Nxf3+
{[%clk 0:14:04]} 11. Bxf3 {[%clk 0:16:11]} d5 {[%clk 0:14:04]} 12. Qb3
{[%clk 0:16:00]} c6 {[%clk 0:12:49]} 13. Rad1 {[%clk 0:16:02]} Qb6
{[%clk 0:12:53]} 14. Qxb6 {[%clk 0:14:14]} axb6 {[%clk 0:13:02]} 15. a3
{[%clk 0:14:13]} Bf5 {[%clk 0:12:58]} 16. g4 {[%clk 0:14:07]} Be4
{[%clk 0:12:04]} 17. Nxe4 {[%clk 0:14:09]} Nxe4 {[%clk 0:12:12]} 18. Rfe1
{[%clk 0:13:54]} b5 {[%clk 0:12:16]} 19. Bg2 {[%clk 0:13:52]} Nc5
{[%clk 0:12:18]} 20. Re2 {[%clk 0:13:02]} Na4 {[%clk 0:11:09]} 21. Rc1
{[%clk 0:12:07]} Nb6 {[%clk 0:11:16]} 22. Rcc2 {[%clk 0:10:22]} Nc4
{[%clk 0:11:24]} 23. h4 {[%clk 0:10:19]} h6 {[%clk 0:11:05]} 24. Bg3
{[%clk 0:09:15]} Be5 {[%clk 0:10:41]} 25. f4 {[%clk 0:08:10]} Bc7
{[%clk 0:10:35]} 26. e4 {[%clk 0:08:00]} dxe4 {[%clk 0:10:38]} 27. Bxe4
{[%clk 0:07:56]} g5 {[%clk 0:10:10]} 28. hxg5 {[%clk 0:06:47]} hxg5
{[%clk 0:10:19]} 29. Bd3 {[%clk 0:05:01]} Ne3 {[%clk 0:09:59]} 30. Rc1
{[%clk 0:04:39]} gxf4 {[%clk 0:09:59]} 31. Bh4 {[%clk 0:04:37]} Kg7
{[%clk 0:07:56]} 32. Rf2 {[%clk 0:03:43]} Rh8 {[%clk 0:06:36]} 33. Bg5
{[%clk 0:03:34]} Nxg4 {[%clk 0:05:40]} 34. Rxf4 {[%clk 0:02:04]} Bxf4 35. Bxf4 f6
{[%clk 0:04:20]} 36. Bf5 {[%clk 0:02:07]} Ne5 {[%clk 0:04:18]} 37. Kf2
{[%clk 0:02:14]} Kf7 {[%clk 0:04:21]} 38. Rg1 {[%clk 0:02:08]} Rag8
{[%clk 0:04:22]} 39. Rd1 {[%clk 0:02:01]} Rd8 {[%clk 0:04:09]} 40. Rf1
{[%clk 0:01:19]} Nd3+ {[%clk 0:04:13]} 41. Bxd3 {[%clk 0:01:27]} Rxd3 42. Ke2 Rd5
{[%clk 0:04:22]} 0-1

[Event "Team Championship of Russia (rapid)"]
[Site "Sochi"]
[Date "2015.05.09"]
[Round "8.33"]
[White "Kiriakov, Petr"]
[Black "Skomorokhin, Roman"]
[Result "1/2-1/2"]
[LiveChessVersion "1.4.4"]
[BlackElo "2299"]
[WhiteElo "2281"]
[BlackTeam "SK Volga"]

1. d4 {[%clk 0:15:19]} d5 {[%clk 0:15:17]} 2. c4 {[%clk 0:15:26]} dxc4
{[%clk 0:15:25]} 3. e3 {[%clk 0:15:28]} Nf6 {[%clk 0:15:29]} 4. Bxc4
{[%clk 0:15:36]} a6 {[%clk 0:15:36]} 5. Nf3 {[%clk 0:13:26]} e6 {[%clk 0:15:41]}
6. b3 {[%clk 0:13:26]} c5 {[%clk 0:14:38]} 7. Bb2 {[%clk 0:13:21]} cxd4
{[%clk 0:13:50]} 8. Nxd4 {[%clk 0:13:15]} Bb4+ {[%clk 0:12:30]} 9. Bc3
{[%clk 0:12:54]} Qa5 {[%clk 0:10:44]} 10. Bxb4 {[%clk 0:12:17]} Qxb4+
{[%clk 0:10:52]} 11. Qd2 {[%clk 0:12:24]} Qe7 {[%clk 0:10:31]} 12. Nc3
{[%clk 0:11:35]} O-O {[%clk 0:10:22]} 13. Rd1 {[%clk 0:09:51]} b5
{[%clk 0:10:10]} 14. Be2 {[%clk 0:09:40]} Bb7 {[%clk 0:09:46]} 15. O-O
{[%clk 0:09:42]} Nbd7 {[%clk 0:09:37]} 16. Bf3 {[%clk 0:07:59]} Ne5
{[%clk 0:09:22]} 17. Bxb7 {[%clk 0:08:07]} Qxb7 {[%clk 0:09:30]} 18. a4
{[%clk 0:07:24]} b4 {[%clk 0:09:01]} 19. Nce2 {[%clk 0:07:30]} Rac8
{[%clk 0:08:48]} 20. Qb2 {[%clk 0:07:24]} Rc5 {[%clk 0:07:51]} 21. Ng3
{[%clk 0:05:44]} h5 {[%clk 0:07:19]} 22. h3 {[%clk 0:05:39]} h4 {[%clk 0:07:15]}
23. Nge2 {[%clk 0:05:47]} Rfc8 {[%clk 0:06:35]} 24. Nf4 {[%clk 0:05:22]} Qe4
{[%clk 0:05:43]} 25. Qe2 {[%clk 0:05:01]} g5 {[%clk 0:04:33]} 26. f3
{[%clk 0:04:23]} Qh7 {[%clk 0:04:03]} 27. Nd3 {[%clk 0:03:49]} Nxd3
{[%clk 0:04:05]} 28. Qxd3 {[%clk 0:03:53]} Qxd3 {[%clk 0:03:57]} 29. Rxd3
{[%clk 0:04:02]} Rc3 {[%clk 0:03:50]} 30. Rfd1 {[%clk 0:03:58]} Nd5
{[%clk 0:03:52]} 31. Kf2 {[%clk 0:03:58]} Kg7 {[%clk 0:03:38]} 32. R1d2
{[%clk 0:03:37]} Kf6 {[%clk 0:03:42]} 33. Ne2 {[%clk 0:03:13]} Rxd3
{[%clk 0:03:23]} 34. Rxd3 {[%clk 0:03:22]} Rc2 {[%clk 0:03:29]} 35. Ke1
{[%clk 0:03:27]} Nc3 {[%clk 0:02:39]} 36. Rd2 {[%clk 0:03:18]} Rxd2
{[%clk 0:01:48]} 37. Kxd2 {[%clk 0:03:27]} Nxe2 {[%clk 0:01:46]} 38. Kxe2
{[%clk 0:03:36]} Ke5 {[%clk 0:01:53]} 39. Kd3 {[%clk 0:03:02]} Kd5
{[%clk 0:01:35]} 40. Ke2 {[%clk 0:02:44]} f5 {[%clk 0:01:07]} 41. Kd3
{[%clk 0:02:47]} Kc5 {[%clk 0:00:49]} 42. Ke2 {[%clk 0:02:39]} Kd5
{[%clk 0:00:48]} 43. Kd3 {[%clk 0:02:47]} Kc5 {[%clk 0:00:56]} 44. Ke2
{[%clk 0:02:56]} Kd5 {[%clk 0:01:05]} 1/2-1/2

[Event "Team Championship of Russia (rapid)"]
[Site "Sochi"]
[Date "2015.05.09"]
[Round "8.34"]
[White "Skomorokhin, Vadim"]
[Black "Zablotsky, Sergei"]
[Result "1-0"]
[LiveChessVersion "1.4.4"]
[BlackElo "2297"]
[WhiteElo "2311"]
[WhiteTeam "SK Volga"]

1. d4 {[%clk 0:15:19]} d6 {[%clk 0:15:13]} 2. e4 {[%clk 0:15:27]} Nf6
{[%clk 0:15:18]} 3. Nd2 {[%clk 0:15:35]} e5 {[%clk 0:15:21]} 4. Ngf3
{[%clk 0:15:43]} exd4 {[%clk 0:15:19]} 5. Nxd4 {[%clk 0:15:48]} g6
{[%clk 0:15:27]} 6. Bd3 {[%clk 0:15:33]} Bg7 {[%clk 0:15:35]} 7. O-O
{[%clk 0:15:27]} O-O {[%clk 0:15:42]} 8. Re1 {[%clk 0:14:56]} Re8
{[%clk 0:15:46]} 9. N2f3 {[%clk 0:14:56]} Nbd7 {[%clk 0:15:46]} 10. Bg5
{[%clk 0:14:54]} h6 {[%clk 0:15:52]} 11. Bh4 {[%clk 0:14:57]} Nc5
{[%clk 0:14:35]} 12. Nb3 {[%clk 0:14:30]} Nxd3 {[%clk 0:13:13]} 13. cxd3
{[%clk 0:14:16]} Bd7 {[%clk 0:11:50]} 14. Qc2 {[%clk 0:14:20]} Ba4
{[%clk 0:09:59]} 15. Rac1 {[%clk 0:14:26]} Rc8 {[%clk 0:08:45]} 16. h3
{[%clk 0:14:07]} c5 {[%clk 0:08:42]} 17. Qd2 {[%clk 0:13:16]} b6 {[%clk 0:07:59]}
18. Na1 {[%clk 0:13:11]} g5 {[%clk 0:07:33]} 19. Bg3 {[%clk 0:13:10]} d5
{[%clk 0:07:40]} 20. e5 {[%clk 0:12:27]} Nh5 {[%clk 0:07:47]} 21. Bh2
{[%clk 0:12:32]} d4 {[%clk 0:07:51]} 22. b4 {[%clk 0:12:27]} Bc6 {[%clk 0:07:37]}
23. bxc5 {[%clk 0:11:12]} Bxf3 {[%clk 0:07:43]} 24. gxf3 {[%clk 0:11:21]} bxc5
{[%clk 0:07:42]} 25. Nb3 {[%clk 0:11:25]} Bf8 {[%clk 0:07:30]} 26. Qe2
{[%clk 0:10:49]} f5 {[%clk 0:05:55]} 27. f4 {[%clk 0:10:24]} Nxf4
{[%clk 0:04:27]} 28. Bxf4 {[%clk 0:10:32]} gxf4 {[%clk 0:04:36]} 29. Qf3
{[%clk 0:10:38]} Kh7 {[%clk 0:03:43]} 30. Kh2 {[%clk 0:10:26]} Qd7
{[%clk 0:02:52]} 31. Nd2 {[%clk 0:10:12]} Qe6 {[%clk 0:02:20]} 32. Qxf4
{[%clk 0:10:03]} Be7 {[%clk 0:02:22]} 33. Nf3 {[%clk 0:10:00]} Rg8
{[%clk 0:02:29]} 34. Rg1 {[%clk 0:10:07]} Rb8 {[%clk 0:01:56]} 35. Rxg8
{[%clk 0:09:54]} Rxg8 {[%clk 0:02:04]} 36. Rg1 {[%clk 0:09:58]} Rxg1
{[%clk 0:01:47]} 37. Kxg1 {[%clk 0:10:06]} Qg6+ {[%clk 0:01:25]} 38. Kh2
{[%clk 0:09:59]} Bg5 {[%clk 0:01:32]} 39. Qg3 {[%clk 0:09:40]} Bc1
{[%clk 0:00:58]} 40. Qh4 {[%clk 0:09:07]} Qe6 {[%clk 0:00:44]} 41. Kg2
{[%clk 0:08:19]} Qg6+ {[%clk 0:00:30]} 42. Kf1 {[%clk 0:08:27]} Qe6
{[%clk 0:00:21]} 43. Qd8 {[%clk 0:08:21]} Kg6 {[%clk 0:00:22]} 44. Qf8
{[%clk 0:08:11]} c4 {[%clk 0:00:18]} 45. Nxd4 {[%clk 0:06:44]} Qxe5
{[%clk 0:00:26]} 46. Qg8+ {[%clk 0:06:51]} Kh5 {[%clk 0:00:29]} 47. Qf7+ 1-0